The role of the UK development industry in brownfield regeneration (Record no. 105352)

MARC details
000 -LEADER
fixed length control field 01339cam a2200217 4500
001 - CONTROL NUMBER
control field ##L133199
008 - FIXED-LENGTH DATA ELEMENTS--GENERAL INFORMATION
fixed length control field 060420n2006 000 0 eng u
035 ## - SYSTEM CONTROL NUMBER
System control number (Sirsi) u133199
041 0# - LANGUAGE CODE
Language code of text/sound track or separate title eng
050 04 - LIBRARY OF CONGRESS CALL NUMBER
Classification number 333.73 $2 18
100 1# - MAIN ENTRY--PERSONAL NAME
Personal name Dixon, Tim
245 04 - TITLE STATEMENT
Title The role of the UK development industry in brownfield regeneration
Remainder of title stage 2: volume 3 (of 3): case studies (Thames Gateway and Greater Manchester): summary
260 ## - PUBLICATION, DISTRIBUTION, ETC.
Place of publication, distribution, etc. Oxford
Name of publisher, distributor, etc. Oxford Brookes University
Date of publication, distribution, etc. 2006
520 ## - SUMMARY, ETC.
Summary, etc. Examines six case studies of sites drawn from the Thames Gateway and Greater Manchester sub-regions illustrating a broad spectrum of brownfield regeneration issues. Principal findings include: infrastructure, density and affordability rather than contamination are the main challenges for brownfield regeneration in these areas, government and related agencies must ensure that infrastructure is in place before development takes place, and planning delays and bureaucracy. Advocates a greater role for the public sector in brownfield development.
590 ## - LOCAL NOTE (RLIN)
Local note IKA250406
690 ## - LOCAL SUBJECT ADDED ENTRY--TOPICAL TERM (OCLC, RLIN)
Topical term or geographic name as entry element PROPERTY-PROPERTY MANAGEMENT-REGENERATION
700 1# - ADDED ENTRY--PERSONAL NAME
Personal name Pocock, Yasmin
700 1# - ADDED ENTRY--PERSONAL NAME
Personal name Waters, Mike
856 40 - ELECTRONIC LOCATION AND ACCESS
Uniform Resource Identifier <a href="https://www.brookes.ac.uk/schools/be/pressreleases/media/NR1606Brownfield.pdf">https://www.brookes.ac.uk/schools/be/pressreleases/media/NR1606Brownfield.pdf</a>
Public note View the item free of charge at www.brookes.ac.uk
942 ## - ADDED ENTRY ELEMENTS (KOHA)
Suppress in OPAC 0
Holdings
Withdrawn status Lost status Source of classification or shelving scheme Damaged status Not for loan Home library Current library Shelving location Date acquired Total Checkouts Full call number Barcode Date last seen Copy number Price effective from Koha item type
    Dewey Decimal Classification     Virtual Virtual Online 20/04/2006   ONLINE PUBLICATION 133199-2001 06/08/2019 1 06/08/2019 Book